| 000 | 01031cam a22003015i 4500 | ||
|---|---|---|---|
| 001 | 17960697 | ||
| 003 | OSt | ||
| 005 | 20170105101209.0 | ||
| 008 | 131203s2013 pk b 001 0 eng | ||
| 010 | _a 2013352926 | ||
| 020 | _a9780199069101 | ||
| 025 | _aP-E-2013352926; 28 | ||
| 040 |
_aDLC _beng _erda _cDLC _dDLC |
||
| 042 |
_alcode _apcc |
||
| 043 | _aa-pk--- | ||
| 050 | 0 | 0 |
_aDS383.5.A2 _bS37 2013 |
| 100 | 1 | _aSattar, Abdul. | |
| 245 | 1 | 0 |
_aPakistan's foreign policy, 1947-2012 : _ba concise history / _cAbdul Sattar ; foreword by Agha Shahi. |
| 250 | _aThird edition | ||
| 260 |
_aKarachi: _bOxford University Press, _c2013. |
||
| 300 |
_axiv, 378 pages ; _c25 cm |
||
| 504 | _aIncludes bibliographical references (pages 365-367) and index. | ||
| 651 | 0 |
_aPakistan _xForeign relations. |
|
| 856 | 4 | 1 |
_3Table of contents only _uhttp://www.loc.gov/catdir/toc/fy13pdf06/2013352926.html |
| 906 |
_a7 _bibc _corigode _d3 _encip _f20 _gy-gencatlg |
||
| 942 |
_2ddc _cBK |
||
| 999 |
_c3110 _d3110 |
||